[Event "Lazy PERLA BALTYKU"]
[Site "Lazy"]
[Date "2016.06.29"]
[Round "4.3"]
[White "Wacior, Maciej"]
[Black "Lewtak, Damian"]
[Result "0-1"]
[WhiteElo "2037"]
[BlackElo "2323"]
[PlyCount "96"]
[EventDate "2016.??.??"]

1. d4 d6 2. Nf3 Bg4 3. e3 Nf6 4. Be2 g6 5. b3 Bg7 6. Bb2 O-O 7. O-O Re8 8. c4
c6 9. h3 Bf5 10. Bd3 Bxd3 11. Qxd3 Nbd7 12. Nc3 e5 13. Qc2 e4 14. Nd2 d5 15.
cxd5 cxd5 16. Ba3 Nf8 17. Rac1 Rc8 18. Qb2 Qd7 19. Na4 b6 20. Rxc8 Rxc8 21. Rc1
Rxc1+ 22. Qxc1 g5 23. Nc3 Ng6 24. Qf1 h5 25. Qb5 Qe6 26. Qa6 g4 27. hxg4 Qc6
28. Bb2 Nxg4 29. Qxa7 Bf8 30. Qb8 Kh7 31. Qd8 Bb4 32. Ndb1 Nf6 33. Qb8 Kg7 34.
a3 Bd6 35. Qa7 Nh4 36. Qa6 Qd7 37. Qe2 Qf5 38. Nd2 Qg5 39. f4 exf3 40. Nxf3 Qg3
41. Nxh4 Qxh4 42. Qf2 Bg3 43. Qf3 Ne4 44. Nxe4 dxe4 45. d5+ Kg8 46. Qf6 Qh2+
47. Kf1 Qh1+ 48. Ke2 Qe1# 0-1

[Event "Lazy PERLA BALTYKU"]
[Site "Lazy"]
[Date "2016.06.29"]
[Round "4.4"]
[White "Kosakowski, Jakub"]
[Black "Krainski, Aleksander"]
[Result "0-1"]
[WhiteElo "2122"]
[BlackElo "2141"]
[PlyCount "82"]
[EventDate "2016.??.??"]

1. e4 e5 2. Nf3 Nc6 3. Bb5 a6 4. Ba4 Nf6 5. O-O Be7 6. Re1 b5 7. Bb3 d6 8. c3
O-O 9. h3 Na5 10. Bc2 c5 11. d4 Nd7 12. b3 Qc7 13. Nbd2 cxd4 14. cxd4 Nc6 15.
Bb2 Nb4 16. Bb1 Bf6 17. d5 a5 18. a3 Na6 19. b4 axb4 20. axb4 Nb6 21. Qb3 Bd7
22. Bd3 Qb7 23. Nb1 Rfc8 24. Na3 Nc7 25. Rec1 Na4 26. Be2 Nxb2 27. Qxb2 Bd8 28.
Rc3 Ne8 29. Rac1 Rxc3 30. Rxc3 Nf6 31. Qc2 g6 32. Qd3 Kg7 33. Nd2 Rb8 34. g3
Qa7 35. Kg2 Bb6 36. f4 Bg1 37. Qf3 Bd4 38. Rc2 Qa4 39. Qb3 Qa6 40. Qd3 Ba7 41.
Nab1 Qb6 0-1

[Event "Lazy PERLA BALTYKU"]
[Site "Lazy"]
[Date "2016.06.29"]
[Round "4.5"]
[White "Bilguun, Sumiya"]
[Black "Karpus, Michal"]
[Result "1-0"]
[WhiteElo "2395"]
[BlackElo "2179"]
[PlyCount "91"]
[EventDate "2016.??.??"]

1. e4 e5 2. Nf3 Nc6 3. Bb5 a6 4. Ba4 Nf6 5. O-O Be7 6. Re1 b5 7. Bb3 d6 8. c3
O-O 9. h3 Na5 10. Bc2 c5 11. d4 Nd7 12. d5 Nc4 13. a4 Ncb6 14. b3 Bb7 15. a5
Nc8 16. Nbd2 g6 17. Nf1 Bf6 18. Bh6 Bg7 19. Qd2 Ne7 20. g4 Kh8 21. Ng3 Nf6 22.
Nh2 Bxh6 23. Qxh6 Nfg8 24. Qd2 f5 25. exf5 gxf5 26. c4 Bc8 27. f4 Ng6 28. fxe5
f4 29. Ne4 dxe5 30. Nf3 Ra7 31. Nxc5 Nh4 32. Nxe5 Rg7 33. Qf2 Nh6 34. Ne6 Bxe6
35. dxe6 f3 36. Nf7+ Rfxf7 37. exf7 Nxf7 38. Rad1 Qb8 39. Qxh4 Ng5 40. Rd2 Rd7
41. Rxd7 f2+ 42. Kg2 Qa8+ 43. Kxf2 Qf3+ 44. Kg1 Nxh3+ 45. Qxh3 Qxh3 46. Re8#
1-0

[Event "Lazy PERLA BALTYKU"]
[Site "Lazy"]
[Date "2016.06.29"]
[Round "4.6"]
[White "Kubicka, Anna"]
[Black "Kocheev, Aleksandr"]
[Result "0-1"]
[WhiteElo "2171"]
[BlackElo "2345"]
[PlyCount "64"]
[EventDate "2016.??.??"]

1. d4 d5 2. c4 dxc4 3. Nf3 Nf6 4. e3 Bg4 5. Bxc4 e6 6. Nc3 a6 7. h3 Bh5 8. g4
Bg6 9. Ne5 Nbd7 10. Nxg6 hxg6 11. Qf3 c6 12. Bd2 Nd5 13. e4 Nxc3 14. Bxc3 b5
15. Bb3 c5 16. d5 e5 17. d6 c4 18. Bc2 Bxd6 19. O-O-O Qe7 20. Rd2 Nc5 21. Rhd1
O-O-O 22. Ba5 Rd7 23. Bb6 Ne6 24. Qc3 Kb7 25. Qa5 Nd4 26. Bxd4 exd4 27. Rxd4
Bf4+ 28. Kb1 Rxd4 29. Rxd4 Rxh3 30. a4 Rh1+ 31. Ka2 Be5 32. Rd5 Ra1+ 0-1

[Event "Lazy PERLA BALTYKU"]
[Site "Lazy"]
[Date "2016.06.29"]
[Round "4.7"]
[White "Kaczmarek, Aleksander"]
[Black "Chomczyk, Marek"]
[Result "1/2-1/2"]
[WhiteElo "2325"]
[BlackElo "2167"]
[PlyCount "94"]
[EventDate "2016.??.??"]

1. e4 e5 2. Nf3 Nc6 3. d4 exd4 4. Bc4 Nf6 5. e5 d5 6. Bb5 Ne4 7. Nxd4 Bd7 8.
Bxc6 bxc6 9. O-O Bc5 10. Be3 Bb6 11. f3 Nc5 12. Nd2 O-O 13. b4 Ne6 14. N2b3 f6
15. exf6 Qxf6 16. Qd2 Rae8 17. c3 Ra8 18. a4 a5 19. bxa5 Bxa5 20. Nxa5 Rxa5 21.
Nb3 Ra6 22. a5 Rb8 23. Rfb1 Be8 24. Bd4 Qf5 25. Rb2 Rb5 26. Re1 Bd7 27. Be5 Ra8
28. Nd4 Nxd4 29. Bxd4 Raxa5 30. Rxb5 Rxb5 31. c4 Rb1 32. c5 h6 33. Rxb1 Qxb1+
34. Kf2 Kh7 35. h3 Bc8 36. Qf4 Qc2+ 37. Kg3 Qg6+ 38. Kh2 Ba6 39. Qxc7 Bf1 40.
Qg3 Qxg3+ 41. Kxg3 h5 42. Kf2 Ba6 43. f4 Kg6 44. g4 hxg4 45. hxg4 Kf7 46. f5 g6
47. f6 Bb5 1/2-1/2

[Event "Lazy PERLA BALTYKU"]
[Site "Lazy"]
[Date "2016.06.29"]
[Round "4.8"]
[White "Krainski, Slawomir"]
[Black "Marczuk, Dominik"]
[Result "1/2-1/2"]
[WhiteElo "2146"]
[BlackElo "2298"]
[PlyCount "56"]
[EventDate "2016.??.??"]

1. e4 c5 2. Nf3 d6 3. d4 cxd4 4. Nxd4 Nf6 5. Nc3 a6 6. Bg5 e6 7. f4 Qb6 8. Qd2
Nc6 9. O-O-O Bd7 10. Be2 Nxd4 11. Qxd4 Qxd4 12. Rxd4 Bc6 13. Bf3 Nd7 14. Nd5
Rc8 15. Re1 h6 16. Bh4 Rg8 17. f5 Bxd5 18. exd5 e5 19. Rb4 Rc7 20. Bf2 Be7 21.
Ree4 Nf6 22. Bb6 Rc8 23. Re1 Nd7 24. Bf2 Rc7 25. Ree4 Nf6 26. Bb6 Rc8 27. Re1
Nd7 28. Bf2 Rc7 1/2-1/2

[Event "Lazy PERLA BALTYKU"]
[Site "Lazy"]
[Date "2016.06.29"]
[Round "4.9"]
[White "Kyc, Jerzy"]
[Black "Zaleski, Lukasz"]
[Result "1/2-1/2"]
[WhiteElo "2225"]
[BlackElo "2080"]
[PlyCount "84"]
[EventDate "2016.??.??"]

1. e4 e6 2. d4 d5 3. Nd2 Nf6 4. e5 Nfd7 5. Bd3 c5 6. c3 Nc6 7. Ne2 cxd4 8. cxd4
f6 9. exf6 Nxf6 10. O-O Bd6 11. Nf3 O-O 12. Bf4 Bxf4 13. Nxf4 Ne4 14. Ne2 Rxf3
15. gxf3 Ng5 16. Kh1 e5 17. dxe5 Nxf3 18. Ng1 Nfxe5 19. f4 Ng4 20. Qd2 d4 21.
Rae1 Ne3 22. Rxe3 dxe3 23. Qxe3 Qd5+ 24. Be4 Qb5 25. a4 Qc4 26. b3 Qd4 27. Qxd4
Nxd4 28. Rd1 Ne6 29. f5 Nc5 30. Rd8+ Kf7 31. Bd5+ Ke7 32. Rg8 Kf6 33. Nf3 Kxf5
34. Rxg7 Be6 35. Nd4+ Kf6 36. Nxe6 Nxe6 37. Rxh7 Nf4 38. Bxb7 Rd8 39. Kg1 Rd3
40. Be4 Re3 41. Bc6 a5 42. Ra7 Rxb3 1/2-1/2

[Event "Lazy PERLA BALTYKU"]
[Site "Lazy"]
[Date "2016.06.29"]
[Round "4.10"]
[White "Nowak, Kamil"]
[Black "Buraczewski, Rafal"]
[Result "1/2-1/2"]
[WhiteElo "2313"]
[BlackElo "2032"]
[PlyCount "119"]
[EventDate "2016.??.??"]

1. d4 Nf6 2. c4 c5 3. d5 d6 4. Nc3 g6 5. Nf3 Bg7 6. e4 O-O 7. Be2 Bg4 8. O-O
Bxf3 9. Bxf3 Nbd7 10. Be3 Rb8 11. Be2 a6 12. f3 Qa5 13. a4 Ne8 14. Qd2 Nc7 15.
f4 Qb4 16. Rfb1 Rfd8 17. Qd3 Qa5 18. Kh1 Ne8 19. Bf3 Qc7 20. b3 b6 21. Ra2 Rb7
22. Bd2 Qb8 23. Nd1 b5 24. Ne3 Bd4 25. Ba5 Rc8 26. axb5 axb5 27. cxb5 Bxe3 28.
Qxe3 Rxb5 29. Be2 c4 30. b4 Nef6 31. Rc1 Rxb4 32. Bxb4 Qxb4 33. Rac2 c3 34. Bf3
Rc4 35. Rxc3 Rd4 36. Rd3 Rxd3 37. Qxd3 Nc5 38. Qc4 Qd2 39. e5 Nfe4 40. Rf1 Nf2+
41. Kg1 Nfd3 42. Qd4 Qxf4 43. Qxf4 Nxf4 44. exd6 exd6 45. Re1 Kf8 46. Re3 Nfd3
47. Kf1 Ne5 48. Be2 Ke7 49. Bb5 f5 50. Ra3 Kf6 51. Ra8 Ng4 52. Kg1 Ke5 53. Bc6
Nf6 54. Ra7 Nce4 55. g3 Kd4 56. Rf7 Ke3 57. Kg2 g5 58. Ra7 Nc3 59. Re7+ Nce4
60. Ra7 1/2-1/2

[Event "Lazy PERLA BALTYKU"]
[Site "LAZY"]
[Date "2016.06.29"]
[Round "4.11"]
[White "Dmochowska, Agnieszka"]
[Black "Sliwicki, Damian"]
[Result "1/2-1/2"]
[WhiteElo "2059"]
[BlackElo "2242"]
[PlyCount "67"]
[EventDate "2016.??.??"]

1. e4 c5 2. c3 d5 3. exd5 Qxd5 4. d4 cxd4 5. cxd4 Nc6 6. Nf3 e5 7. Nc3 Bb4 8.
Bd2 Bxc3 9. Bxc3 e4 10. Ne5 Nxe5 11. dxe5 Ne7 12. Qa4+ Bd7 13. Qa3 Qe6 14. Rd1
O-O 15. Rd6 Qf5 16. Bc4 Ng6 17. O-O Nf4 18. Bd2 Be6 19. Bxe6 Nxe6 20. Qb4 Qxe5
21. Re1 a5 22. Qa3 b5 23. Qg3 Qxg3 24. hxg3 Rfc8 25. Rxe4 Rc2 26. Bc3 b4 27.
Be5 Rc1+ 28. Kh2 Ra1 29. Rg4 Rc8 30. Ra6 g6 31. Re4 Rxa2 32. Rxb4 axb4 33. Rxa2
Nc5 34. Ra7 1/2-1/2

[Event "Lazy PERLA BALTYKU"]
[Site "LAZY"]
[Date "2016.06.29"]
[Round "4.12"]
[White "Franckowski, Janusz"]
[Black "Juhnke, Juergen"]
[Result "0-1"]
[WhiteElo "2001"]
[BlackElo "2219"]
[PlyCount "92"]
[EventDate "2016.??.??"]

1. d4 Nf6 2. Nf3 g6 3. c3 Bg7 4. Bg5 O-O 5. Nbd2 d6 6. e4 c5 7. dxc5 dxc5 8.
Be2 b6 9. O-O Nc6 10. Re1 h6 11. Bh4 g5 12. Bg3 Nh5 13. Qc2 Nxg3 14. hxg3 Qc7
15. Rad1 a6 16. a4 Bb7 17. Nc4 Rfd8 18. Qb3 Na5 19. Qxb6 Qxb6 20. Nxb6 Rab8 21.
Nc4 Nxc4 22. Rxd8+ Rxd8 23. Bxc4 a5 24. Re2 Rd1+ 25. Kh2 Rd6 26. Nd2 Bc6 27.
Bb5 Bxb5 28. axb5 Rb6 29. c4 a4 30. Nf1 Bd4 31. g4 Kf8 32. Kg3 Ke8 33. Rd2 Re6
34. f3 Rd6 35. Kh3 Be5 36. Rf2 Rd1 37. Nh2 Rb1 38. b6 Rxb2 39. Rxb2 Bxb2 40. b7
Be5 41. Nf1 a3 42. Nd2 a2 43. Nb3 Kd8 44. g3 Kc7 45. f4 a1=Q 46. Nxa1 Bxa1 0-1

[Event "Lazy PERLA BALTYKU"]
[Site "LAZY"]
[Date "2016.06.29"]
[Round "4.13"]
[White "Budrewicz, Krzysztof"]
[Black "Lebiedowicz, Borys"]
[Result "1-0"]
[WhiteElo "2217"]
[BlackElo "2002"]
[PlyCount "61"]
[EventDate "2016.??.??"]

1. d4 d5 2. c4 dxc4 3. e4 e5 4. Nf3 exd4 5. Bxc4 Nc6 6. O-O Be6 7. Bb5 Bc5 8.
b4 Bb6 9. a4 a6 10. Bxc6+ bxc6 11. a5 Ba7 12. Bb2 Nf6 13. Nbd2 O-O 14. Qc2 Re8
15. Ne5 Bb3 16. Nxb3 Rxe5 17. Qxc6 Rxe4 18. Rad1 Qd5 19. Qxd5 Nxd5 20. Nxd4
Nxb4 21. Nf5 Rf4 22. Nxg7 Rb8 23. Nh5 Nc6 24. Ba1 Rf5 25. Nf6+ Rxf6 26. Bxf6
Nxa5 27. Rd5 Bb6 28. Rfd1 c5 29. Rg5+ Kf8 30. Re1 Nc6 31. Bg7+ 1-0

[Event "Lazy PERLA BALTYKU"]
[Site "LAZY"]
[Date "2016.06.29"]
[Round "4.14"]
[White "Smieszek, Wojciech"]
[Black "Kicinski, Jacek"]
[Result "1-0"]
[WhiteElo "2137"]
[BlackElo "1998"]
[PlyCount "125"]
[EventDate "2016.??.??"]

1. e4 e6 2. d4 d5 3. Nc3 dxe4 4. Nxe4 Bd7 5. Nf3 Bc6 6. Bd3 Nd7 7. Qe2 Ngf6 8.
Neg5 Bxf3 9. Qxf3 c6 10. Bf4 Be7 11. O-O-O O-O 12. Kb1 Re8 13. Be5 Nf8 14. g4
a5 15. Nxf7 Kxf7 16. g5 Qd5 17. Qf4 Ng6 18. Bxg6+ hxg6 19. gxf6 gxf6 20. Rhg1
Rg8 21. Rg5 Qc4 22. Rdg1 a4 23. R5g3 Ra5 24. Qh6 g5 25. Qh5+ Kf8 26. Rf3 f5 27.
h4 g4 28. Bf4 Bf6 29. Rd3 Ke7 30. Bg5 Rg7 31. Qh6 Rf7 32. Bxf6+ Rxf6 33. Qg7+
Rf7 34. Qg5+ Kd7 35. h5 Qb4 36. h6 Rb5 37. b3 axb3 38. cxb3 Qe7 39. Qg8 Rh7 40.
Rh1 Kc7 41. Re3 Rd5 42. Rxe6 Qd7 43. Rg6 Kb6 44. Rg7 Rxg7 45. Qxg7 Qe8 46. h7
Qe4+ 47. Kb2 Qxh1 48. h8=Q Qe4 49. Qgh6 Qe2+ 50. Kc3 Qxf2 51. Qd2 Qf1 52. Kb2
Qb5 53. a4 Qa5 54. Qxa5+ Kxa5 55. Qg7 Kb6 56. Kc3 Ra5 57. Kc4 Ka6 58. Qc7 g3
59. Qxg3 Kb6 60. Qb8 Ra6 61. Qd8+ Ka7 62. a5 f4 63. b4 1-0

[Event "Lazy PERLA BALTYKU"]
[Site "LAZY"]
[Date "2016.06.29"]
[Round "4.15"]
[White "Sliwicka, Alicja"]
[Black "Kowalski, Igor"]
[Result "1/2-1/2"]
[WhiteElo "2041"]
[BlackElo "2131"]
[PlyCount "96"]
[EventDate "2016.??.??"]

1. e4 e6 2. d4 d5 3. Nc3 Bb4 4. Bd3 Ne7 5. Nge2 Ng6 6. O-O O-O 7. a3 Be7 8. Nf4
dxe4 9. Bxe4 Bf6 10. Nce2 c6 11. Be3 e5 12. Nxg6 hxg6 13. d5 Be7 14. f4 Bg4 15.
c4 exf4 16. Bd4 cxd5 17. Bxd5 Nc6 18. Bc3 Bc5+ 19. Kh1 Qe7 20. Bf3 Bxf3 21.
Rxf3 g5 22. Qc2 f5 23. Re1 Rae8 24. Ng3 Qxe1+ 25. Bxe1 Nd4 26. Qd1 Nxf3 27.
gxf3 Rd8 28. Qc2 fxg3 29. hxg3 Rd7 30. b4 Be3 31. c5 f4 32. Qa2+ Rff7 33. Qb3
Kh8 34. Kg2 Rfe7 35. Bc3 fxg3 36. Kxg3 Bf4+ 37. Kf2 Re3 38. Qb2 Red3 39. Ke2
Re3+ 40. Kf2 Kh7 41. Kg2 Rdd3 42. Bxg7 Rxf3 43. Qf6 Rg3+ 44. Kf2 Rd2+ 45. Kf1
Rd1+ 46. Kf2 Rd2+ 47. Kf1 Rd1+ 48. Kf2 Rd2+ 1/2-1/2

[Event "Lazy PERLA BALTYKU"]
[Site "LAZY"]
[Date "2016.06.29"]
[Round "4.16"]
[White "Karbowiak, Adam"]
[Black "Szpar, Milosz"]
[Result "1/2-1/2"]
[WhiteElo "2128"]
[BlackElo "1943"]
[PlyCount "84"]
[EventDate "2016.??.??"]

1. Nf3 g6 2. g3 Bg7 3. c4 e5 4. Nc3 Nc6 5. d3 Nge7 6. Bg2 O-O 7. O-O d6 8. Rb1
a5 9. a3 Nd4 10. b4 axb4 11. axb4 c6 12. Bb2 Nxf3+ 13. Bxf3 d5 14. Ra1 Be6 15.
c5 f5 16. Rxa8 Qxa8 17. Qb3 Qe8 18. Qa2 Qf7 19. Qa7 e4 20. Bg2 Nc8 21. Qa1 g5
22. Na4 exd3 23. exd3 f4 24. Bxg7 Qxg7 25. Qxg7+ Kxg7 26. Re1 Bf5 27. d4 fxg3
28. fxg3 Bd7 29. Nb6 Nxb6 30. cxb6 Kf7 31. Rf1+ Ke7 32. Rxf8 Kxf8 33. b5 Ke7
34. bxc6 Bxc6 35. Bh3 Bd7 36. Bf1 Kd6 37. Bd3 h6 38. Bc2 Bb5 39. Kf2 Kc6 40.
Kf3 Kxb6 41. Kg4 Bd7+ 42. Kh5 g4 1/2-1/2

[Event "Lazy PERLA BALTYKU"]
[Site "LAZY"]
[Date "2016.06.29"]
[Round "4.17"]
[White "Swicarz, Maciej"]
[Black "Nowak, Maciej"]
[Result "1-0"]
[WhiteElo "2292"]
[BlackElo "2007"]
[PlyCount "63"]
[EventDate "2016.??.??"]

1. e4 c5 2. Nc3 Nc6 3. Bb5 e6 4. Bxc6 bxc6 5. d3 d5 6. f4 Ne7 7. Nf3 Ng6 8. O-O
Bd6 9. e5 Be7 10. Qe2 Nh4 11. Nxh4 Bxh4 12. Na4 Qa5 13. b3 g6 14. Bd2 Qb5 15.
c4 Qb8 16. Be3 d4 17. Bc1 O-O 18. Ba3 Be7 19. Qf2 f6 20. exf6 Rxf6 21. Bxc5
Bxc5 22. Nxc5 e5 23. Qh4 Rxf4 24. Rxf4 exf4 25. Re1 Bf5 26. Re7 h5 27. Nd7 Qd6
28. Nf6+ Kf8 29. Nh7+ Kg8 30. c5 Qxc5 31. Nf6+ Kf8 32. Nd7+ 1-0

[Event "Lazy PERLA BALTYKU"]
[Site "LAZY"]
[Date "2016.06.29"]
[Round "4.18"]
[White "Sciborowski, Miroslaw"]
[Black "Zaninotto, Franco"]
[Result "1/2-1/2"]
[WhiteElo "2003"]
[BlackElo "2127"]
[PlyCount "57"]
[EventDate "2016.??.??"]

1. d4 Nf6 2. Nf3 g6 3. g3 b6 4. Bg2 Bb7 5. O-O Bg7 6. c4 O-O 7. Nc3 Ne4 8. Qc2
Nxc3 9. bxc3 Nc6 10. e4 Na5 11. Nd2 d6 12. Rd1 c5 13. Nb3 Nxc4 14. dxc5 Qc7 15.
cxd6 exd6 16. Nd4 Rfe8 17. Bf4 Be5 18. Qc1 Rac8 19. Bxe5 dxe5 20. Nb5 Qc5 21.
Nxa7 Ra8 22. Rd7 Rxa7 23. Qg5 Qc6 24. Rad1 Rxa2 25. Re7 Rxe7 26. Qxe7 Rd2 27.
Rxd2 Nxd2 28. Qd8+ Kg7 29. Qxd2 1/2-1/2

[Event "Lazy PERLA BALTYKU"]
[Site "LAZY"]
[Date "2016.06.29"]
[Round "4.19"]
[White "Garbowski, Jakub"]
[Black "Wisniewski, Jacek"]
[Result "1-0"]
[WhiteElo "2102"]
[BlackElo "1989"]
[PlyCount "83"]
[EventDate "2016.??.??"]

1. e4 e5 2. Nf3 Nf6 3. Nxe5 d6 4. Nf3 Nxe4 5. Nc3 Nxc3 6. dxc3 Be7 7. Be3 O-O
8. Qd2 Nd7 9. O-O-O Ne5 10. h4 Bg4 11. Be2 Nxf3 12. gxf3 Be6 13. Rdg1 Bf6 14.
Bh6 Kh8 15. Bd3 Rg8 16. Bg5 c5 17. c4 Rb8 18. Qf4 Be5 19. Qe4 f5 20. Qe2 Qb6
21. c3 Rge8 22. f4 Bxc3 23. bxc3 Bxc4 24. Qd2 Qa6 25. Bxc4 Qxc4 26. Re1 h6 27.
Be7 d5 28. Bd6 Rbd8 29. Rxe8+ Rxe8 30. Be5 d4 31. Rg1 Re7 32. Kb1 Rd7 33. cxd4
cxd4 34. Qc2 Qb4+ 35. Ka1 a5 36. Rc1 Qa3 37. Rd1 Qb4 38. Qb2 Qe7 39. Rxd4 Rxd4
40. Qxd4 b5 41. Qd6 Qf7 42. Qxh6+ 1-0

[Event "Lazy PERLA BALTYKU"]
[Site "LAZY"]
[Date "2016.06.29"]
[Round "4.20"]
[White "Frej, Zofia"]
[Black "Nowak, Mikolaj"]
[Result "0-1"]
[WhiteElo "1929"]
[BlackElo "2091"]
[PlyCount "96"]
[EventDate "2016.??.??"]

1. e4 e5 2. Nf3 Nc6 3. Bb5 a6 4. Ba4 Nf6 5. O-O Be7 6. Re1 b5 7. Bb3 O-O 8. a4
Bb7 9. axb5 axb5 10. Rxa8 Bxa8 11. c3 d6 12. d4 Nd7 13. Qd3 Qb8 14. Nbd2 Bf6
15. Bd5 Qb6 16. Bxc6 Bxc6 17. d5 Bb7 18. b4 c6 19. g4 Rc8 20. Nf1 cxd5 21. exd5
Be7 22. g5 Qa6 23. Be3 Nb6 24. Bxb6 Qxb6 25. Ng3 Qa6 26. Ne4 Qa2 27. Rd1 Qb3
28. Nh4 g6 29. Ng2 Qc4 30. Qxc4 Rxc4 31. f3 Rc8 32. Ne3 Ra8 33. Ng4 h5 34. Ne3
Ra2 35. Re1 Kf8 36. h4 Ke8 37. Rd1 Re2 38. Rd3 Kd7 39. Kf1 Rb2 40. Nf6+ Bxf6
41. gxf6 Rh2 42. Ng2 Rh3 43. Ne1 Rxh4 44. Ng2 Rc4 45. Kg1 g5 46. Kh2 g4 47.
fxg4 Rxg4 48. Rd2 Rg6 0-1

[Event "Lazy PERLA BALTYKU"]
[Site "LAZY"]
[Date "2016.06.29"]
[Round "4.21"]
[White "Godzwon, Iwo"]
[Black "Mazalon, Mariusz"]
[Result "1/2-1/2"]
[WhiteElo "1884"]
[BlackElo "2083"]
[PlyCount "101"]
[EventDate "2016.??.??"]

1. e4 c5 2. Nf3 a6 3. c3 d6 4. d4 Qc7 5. Be3 Nd7 6. Nbd2 Ngf6 7. Be2 g6 8. O-O
Bg7 9. h3 O-O 10. a4 b6 11. Qc2 cxd4 12. Nxd4 e5 13. N4b3 Bb7 14. Bf3 d5 15.
exd5 Nxd5 16. a5 Nxe3 17. fxe3 b5 18. Bxb7 Qxb7 19. Ne4 Qc7 20. Rad1 f5 21. Ng5
Rfe8 22. Nd2 Nc5 23. e4 Bh6 24. Ngf3 f4 25. Nb3 Bf8 26. Kh1 Nd7 27. Nbd2 h6 28.
Qb3+ Kg7 29. Nb1 Nf6 30. Rfe1 Qxa5 31. Nbd2 Qb6 32. c4 b4 33. Qc2 a5 34. b3 Bc5
35. Nf1 g5 36. Qb2 Qc7 37. Qc2 Rad8 38. N1h2 Rxd1 39. Rxd1 Bd4 40. Nxd4 exd4
41. Rxd4 Qc6 42. Qb2 Rxe4 43. Nf3 Re3 44. Rd5 Qe6 45. Rxa5 Rxf3 46. gxf3 Qxh3+
47. Kg1 Qg3+ 48. Qg2 Qe1+ 49. Kh2 Qh4+ 50. Kg1 Qe1+ 51. Kh2 1/2-1/2

[Event "Lazy PERLA BALTYKU"]
[Site "LAZY"]
[Date "2016.06.29"]
[Round "4.22"]
[White "Antolak, Julia"]
[Black "Kokoszczynski, Jan"]
[Result "1-0"]
[WhiteElo "2073"]
[BlackElo "1921"]
[PlyCount "49"]
[EventDate "2016.??.??"]

1. e4 c6 2. d4 d5 3. Nc3 dxe4 4. Nxe4 Bf5 5. Ng3 Bg6 6. Nh3 e6 7. Nf4 Bd6 8. h4
Qc7 9. Nxg6 hxg6 10. Qf3 Nf6 11. Bd2 Nbd7 12. O-O-O O-O-O 13. Ne4 Nxe4 14. Qxe4
Nf6 15. Qf3 c5 16. dxc5 Bxc5 17. Bd3 e5 18. Bg5 Qb6 19. Bc4 Bd4 20. c3 Bxf2 21.
Bxf7 e4 22. Qe2 Rxd1+ 23. Rxd1 Bxh4 24. Bf4 Qc5 25. Be6+ 1-0

[Event "Lazy PERLA BALTYKU"]
[Site "LAZY"]
[Date "2016.06.29"]
[Round "4.23"]
[White "Korpalski, Maciej"]
[Black "Konieczynski, Piotr"]
[Result "1-0"]
[WhiteElo "1968"]
[BlackElo "1973"]
[PlyCount "67"]
[EventDate "2016.??.??"]

1. e4 c6 2. d4 d5 3. Nc3 dxe4 4. Nxe4 Bf5 5. Ng3 Bg6 6. h4 h6 7. Nf3 Nd7 8. Bd3
Bxd3 9. Qxd3 e6 10. Bf4 Qa5+ 11. Bd2 Qc7 12. O-O-O Ngf6 13. Ne4 O-O-O 14. g3
Nc5 15. Nxc5 Bxc5 16. Qc4 Bb6 17. h5 Rd5 18. Bf4 Qe7 19. Ne5 Bc7 20. Qa4 Ra5
21. Qb3 Nd7 22. Nd3 Bxf4+ 23. Nxf4 Rd8 24. Kb1 e5 25. Rhe1 Nf6 26. Qc3 Qc7 27.
dxe5 Rxd1+ 28. Rxd1 Qxe5 29. Qd2 Qc7 30. Qd4 Qb6 31. Qd6 Nd5 32. Qf8+ Qd8 33.
Qxd8+ Kxd8 34. c4 1-0

[Event "Lazy PERLA BALTYKU"]
[Site "LAZY"]
[Date "2016.06.29"]
[Round "4.24"]
[White "Kozak, Antoni"]
[Black "Dombrowski, Bartosz"]
[Result "1-0"]
[WhiteElo "1981"]
[BlackElo "1913"]
[PlyCount "65"]
[EventDate "2016.??.??"]

1. e4 c5 2. Nf3 d6 3. Bb5+ Bd7 4. Bxd7+ Qxd7 5. O-O Nc6 6. c3 Nf6 7. Re1 e6 8.
d4 cxd4 9. cxd4 d5 10. e5 Ne4 11. a3 Be7 12. Qd3 O-O 13. Nbd2 Nxd2 14. Bxd2
Rac8 15. h4 h6 16. g3 a6 17. Kg2 f6 18. exf6 Rxf6 19. Nh2 Qe8 20. f3 Qg6 21.
Qe3 h5 22. f4 Rcf8 23. Kh1 Bd8 24. Rg1 Bb6 25. Bc3 Kh8 26. Rae1 Rd8 27. Rg2 Rd6
28. Nf3 Rf8 29. Qd2 Re8 30. Kh2 Ne7 31. Bb4 Rdd8 32. Bxe7 Rxe7 33. Qb4 1-0

[Event "Lazy PERLA BALTYKU"]
[Site "LAZY"]
[Date "2016.06.29"]
[Round "4.25"]
[White "Katafiasz, Tomasz"]
[Black "Jedrocha, Katarzyna"]
[Result "1-0"]
[WhiteElo "1888"]
[BlackElo "1948"]
[PlyCount "127"]
[EventDate "2016.??.??"]

1. Nf3 c5 2. g3 Nc6 3. d4 cxd4 4. Nxd4 d5 5. Bg2 e6 6. c4 Qb6 7. Nxc6 bxc6 8.
O-O Nf6 9. Nc3 Be7 10. e4 dxe4 11. Nxe4 Nxe4 12. Bxe4 Bb7 13. Be3 Bc5 14. Bxc5
Qxc5 15. Qc2 f5 16. b4 Qe5 17. Bg2 O-O 18. Rfe1 Qf6 19. b5 e5 20. bxc6 Bxc6 21.
Bxc6 Qxc6 22. Rxe5 f4 23. Qe4 Qxe4 24. Rxe4 fxg3 25. hxg3 Rad8 26. Re2 Rd4 27.
Rc1 Rc8 28. c5 Kf7 29. Rc3 Rc6 30. Kg2 Rd5 31. Rf3+ Rf6 32. Rc2 Rd7 33. c6 Rc7
34. Ra3 Rfxc6 35. Rxc6 Rxc6 36. Rxa7+ Kf6 37. a4 Rc3 38. g4 Ra3 39. f3 g5 40.
Kg3 Kg6 41. Kf2 h6 42. Ke2 Kf6 43. a5 Ke5 44. a6 Kf4 45. Rf7+ Ke5 46. a7 Kd4
47. Rd7+ Kc4 48. Kd2 Kb4 49. Kc2 Rc3+ 50. Kd2 Ra3 51. Rb7+ Kc4 52. Rh7 Kd4 53.
Kc2 Ke3 54. Kb2 Ra6 55. Rf7 Kd4 56. Kb3 Kc5 57. Re7 Rb6+ 58. Kc3 Ra6 59. Rb7
Kc6 60. Rf7 Kc5 61. Rf5+ Kb6 62. Rf6+ Kxa7 63. Rxa6+ Kxa6 64. Kd4 1-0

[Event "Lazy PERLA BALTYKU"]
[Site "Lazy"]
[Date "2016.06.30"]
[Round "5.1"]
[White "Stupak, Kirill"]
[Black "Shishkin, Vadim"]
[Result "1/2-1/2"]
[WhiteElo "2555"]
[BlackElo "2459"]
[PlyCount "37"]
[EventDate "2016.??.??"]

1. d4 Nf6 2. c4 g6 3. Nc3 d5 4. cxd5 Nxd5 5. e4 Nxc3 6. bxc3 Bg7 7. Qa4+ Nd7 8.
Nf3 O-O 9. Be3 c5 10. Rc1 Nb6 11. Qa3 cxd4 12. cxd4 Bg4 13. d5 Rc8 14. Be2 Bxf3
15. gxf3 Rxc1+ 16. Bxc1 Qd6 17. O-O Be5 18. Qxd6 Bxd6 19. Be3 1/2-1/2

[Event "Lazy PERLA BALTYKU"]
[Site "Lazy"]
[Date "2016.06.30"]
[Round "5.2"]
[White "Lewtak, Damian"]
[Black "Krainski, Aleksander"]
[Result "1-0"]
[WhiteElo "2323"]
[BlackElo "2141"]
[PlyCount "51"]
[EventDate "2016.??.??"]

1. e4 e5 2. Nf3 Nc6 3. Bb5 a6 4. Ba4 Nf6 5. O-O Be7 6. d3 d6 7. c4 O-O 8. h3
Nd7 9. Bxc6 bxc6 10. d4 Bf6 11. Be3 exd4 12. Bxd4 Re8 13. Nc3 Nf8 14. Re1 Be6
15. b3 Ng6 16. Bxf6 Qxf6 17. Qd4 Qf4 18. Qe3 Qxe3 19. Rxe3 f5 20. e5 d5 21.
cxd5 Bxd5 22. Nxd5 cxd5 23. Rc1 Rad8 24. Nd4 f4 25. Rec3 Rxe5 26. Nc6 1-0

[Event "Lazy PERLA BALTYKU"]
[Site "Lazy"]
[Date "2016.06.30"]
[Round "5.3"]
[White "Kocheev, Aleksander"]
[Black "Jarmula, Lukasz"]
[Result "1/2-1/2"]
[WhiteElo "2345"]
[BlackElo "2447"]
[PlyCount "128"]
[EventDate "2016.??.??"]

1. e4 c5 2. Nf3 d6 3. Bb5+ Nd7 4. d4 cxd4 5. Qxd4 a6 6. Bxd7+ Bxd7 7. c4 e5 8.
Qd3 b5 9. Nc3 Qb8 10. O-O h6 11. Rd1 Nf6 12. Ne1 Qb7 13. Nd5 bxc4 14. Nxf6+
gxf6 15. Qxc4 Bb5 16. Qc2 Rc8 17. Qb1 Rc4 18. f3 Qb6+ 19. Kh1 Rg8 20. Nd3 d5
21. exd5 Bd6 22. Re1 Qd4 23. Be3 Qxd5 24. Nf2 Bc6 25. Ne4 Be7 26. b3 Rb4 27.
Qc2 Rxe4 28. fxe4 Qxe4 29. Qxe4 Bxe4 30. Re2 h5 31. Rc1 Kd7 32. Bc5 f5 33. Bxe7
Kxe7 34. Kg1 Ke6 35. Rc5 f6 36. b4 h4 37. Rc3 Bd5 38. a4 f4 39. Kf1 h3 40. g3
fxg3 41. hxg3 Rg4 42. Rb2 Rd4 43. Rc1 Rd3 44. g4 Rf3+ 45. Kg1 e4 46. b5 axb5
47. axb5 e3 48. Kh2 Rf4 49. b6 Bb7 50. Kxh3 Re4 51. Kg3 f5 52. gxf5+ Kxf5 53.
Rb5+ Ke6 54. Rh5 Kd6 55. Rh6+ Kd5 56. Rh5+ Kd6 57. Rd1+ Kc6 58. Rh6+ Kc5 59.
Rc1+ Kb5 60. Rb1+ Ka6 61. Rd6 e2 62. Kf2 e1=Q+ 63. Rxe1 Rxe1 64. Kxe1 Kb5
1/2-1/2

[Event "Lazy PERLA BALTYKU"]
[Site "Lazy"]
[Date "2016.06.30"]
[Round "5.4"]
[White "Kaczmarek, Aleksander"]
[Black "Bilguun, Sumiya"]
[Result "0-1"]
[WhiteElo "2325"]
[BlackElo "2395"]
[PlyCount "82"]
[EventDate "2016.??.??"]

1. e4 c5 2. Nf3 e6 3. d4 cxd4 4. Nxd4 a6 5. a3 Nf6 6. Nc3 Qc7 7. f4 d6 8. Bd3
b5 9. O-O Bb7 10. Kh1 Be7 11. Qe1 Nbd7 12. b4 h5 13. Rf3 Ng4 14. Bb2 Bf6 15.
Nce2 Nb6 16. Rd1 Rd8 17. Rh3 g6 18. Rg3 e5 19. fxe5 dxe5 20. Nxb5 axb5 21.
Bxb5+ Kf8 22. Rxd8+ Qxd8 23. Rd3 Qc7 24. Nc3 Kg7 25. h3 Nh6 26. Rf3 Rc8 27. Bd3
Ng8 28. a4 Qe7 29. Ba3 Nc4 30. Nb1 Bh4 31. Qf1 Nxa3 32. Nxa3 Nf6 33. c4 Qxb4
34. Nb5 Rd8 35. Re3 Bg5 36. Rf3 Bf4 37. Nc7 Nxe4 38. Qa1 Qc3 39. Qb1 Rxd3 40.
Rxd3 Nf2+ 41. Kg1 Nxd3 0-1